Diccionario de la Constitucin̤ Mexicana Jerarqua̕ y vinculacin̤ de sus conceptos /

Detalles Bibliográficos
Autor principal: Biebrich Torres, Carlos Armando
Otros Autores: Spn̕dola Yę̀z, Alejandro
Formato: eBook
Lenguaje:español
Publicado: Ciudad de Mx̌ico: Cm̀ara de Diputados, 2009
Materias:
Acceso en línea:Acceso restringido

MARC

LEADER 00000nam a22000007a 4500
005 20171121170432.0
007 cr|||| ||||
008 171121s2009 mx |||||s|||| 00||0 spa d
020 |a 978-607-401-101-2 
035 |a 20821 
040 |a vLex 
090 |c 7207  |d 7207 
100 1 |a Biebrich Torres, Carlos Armando 
245 1 0 |a Diccionario de la Constitucin̤ Mexicana  |h [Recurso electrn̤ico]:  |b Jerarqua̕ y vinculacin̤ de sus conceptos /  |c Carlos Armando Biebrich Torres; Alejandro Spn̕dola Yę̀z  
256 |a Servicio en linea 
260 |a Ciudad de Mx̌ico:  |b Cm̀ara de Diputados,  |c 2009 
300 |a 1 recurso electrn̤ico 
506 1 |a Disponible solo en los productos indicados  |d vLex Global  |d vLex Global (Academic Edition, excluding Law Schools)  |d vLex Global (U.S. Academic Edition, Law Schools)  |d vLex Global (U.S. Academic Edition, excluding Law Schools)  |d vLex Global (Academic Edition, Law Schools) 
650 0 4 |a Derecho Constitucional  |z Mx̌ico 
700 1 |a Spn̕dola Yę̀z, Alejandro 
740 0 |a vLex Libros (Servicio en ln̕ea) 
856 4 0 |u http://vlex.com/source/diccionario-constitucion-mexicana-20821  |z Acceso restringido 
942 |c BOOK 
999 0 |a Constitutional law